BIBLIOTHÈQUE DE LA MAISON DU MEXIQUE

Logo 1 Logo 2

La filosofía de Heidegger (notice nᵒ 12194)

détails MARC
000 -Sello discográfico
campo de control de longitud fija 01104nam a2200349 4500
005 - Identificación de versión
campo de control 20251016085026.0
035 ## - Otros números de control del sistema
Número de control del sistema 8428
099 ## - fechas locales
Tipo de ítem Koha LIBRO
100 ## - Datos de procesamiento general
Datos de procesamiento general 19930801d1970 m y1spay5003 ba
101 1# - Idioma del recurso
Idioma del texto, banda sonora, etc. Español; Castellano
Idioma de la obra original Francés
105 ## - Campo de datos codificados: Material textual, monográfico
Datos codificados de monografía y 001zy
200 1# - Título y mención de responsabilidad
Título propio La filosofía de Heidegger
Designación general del material texto impreso
Primer mención de responsabilidad Maurice Corvez
Declaración de responsabilidad subsiguiente traducción de Agustín Ezcurdia Híjar
205 ## - Declaración de edición
Declaración de edición 1a ed
210 ## - Publicación, distribución, etc.
Lugar de publicación, distribución, etc. México
Nombre del editor, distribuidor, etc. Fondo de Cultura Económica
Fecha de publicación, distribución, etc. 1970
215 ## - Descripción física
Designación de material específico y extensión del ítem 136 p
Dimensiones 17 cm
300 ## - Notas generales
Texto de la nota Incluye bibliografía sumaria
345 ## - Nota de información de adquisición
Fuente de adquisición/dirección de la suscripción [OBSOLETO] Donación
410 #1 - Series
Título Breviarios del Fondo de Cultura Económica
Número de volumen 211
454 #1 - Traducción de
Título La Philosophie de Heidegger
600 ## - Nombre personal usado como materia
Elemento de entrada Heidegger
Parte del nombre distinta del elemento de entrada Martin
Fechas 1889-1976
Número Koha 6755
606 ## - Término temático usado como materia
Elemento de entrada Filosofía alemana
Número Koha 14402
606 ## - Término temático usado como materia
Elemento de entrada Metafísica
Número Koha 11662
700 ## - Nombre personal - Responsabilidad primaria
Elemento de entrada Corvez
Parte del nombre distinta del elemento de entrada Maurice
Fechas 1897-1987
Número Koha 18819
702 ## - Nombre personal - Responsabilidad secundaria
Elemento de entrada Ezcurdia Híjar
Parte del nombre distinta del elemento de entrada Agustín
Número Koha 2315
801 #0 - Fuente de origen
Agencia cm
900 ## -
-- 1/8929
900 ## -
-- 710934589\\010893
942 ## - ELEMENTOS DE ENTRADA SECUNDARIOS (KOHA)
Tipo de ítem Koha Livre
996 ## -
-- MEX
-- 751145101
-- MMAG
-- 004675
-- 082.1 B846 V.211
-- 20210423LIV
Exemplaires
Estatus retirado Estado de daño Estado de pérdida Fecha de adquisición Biblioteca de origen Biblioteca actual Ubicación en estantería Código de barras Precio de reemplazo Signatura topográfica completa No para préstamo Tipo de ítem Koha Nota pública Nota no pública
      05/08/2025 Casa México Paris Casa México Paris   004675 05/08/2025 082.1 B846 V.211   Livre 20210423LIV 751145101